| 000 | 01560nam a22002777a 4500 | ||
|---|---|---|---|
| 999 |
_c58007 _d58007 |
||
| 003 | Ge_BSU | ||
| 005 | 20210421165135.0 | ||
| 008 | 210421s2021 ge ||||| |||| 00| 0 geo d | ||
| 020 | _a9789941830501 | ||
| 041 | _ageo | ||
| 080 | _a341.1(075.8) ო-48 | ||
| 100 |
_aოპერმანი,თომას. _911473 |
||
| 245 |
_aევროპული სამართალი : _bსასწავლო სახელმძღვანელო / _cთომას ოპერმანი, კლაუს დითერ კლასენი, მარტინ ნეთესჰაიმი, მთარგმ.: თამარ ერქვანია , ირაკლი ჯაფარაშვილი. |
||
| 250 | _aმე-8 განახლებული გამოცემა | ||
| 260 |
_aთბილისი, _c2021. |
||
| 300 |
_a948 გვ.: _c23 სმ. |
||
| 504 | _aბიბლიოგრაფ.გვ:- 934-0948. | ||
| 653 | _aევროპული სამართალი | ||
| 653 | _aსამაღთალი | ||
| 700 |
_aკლასენი,კლაუს დითერ _911474 |
||
| 700 |
_aნეტსეჰაიმი,მარტინ _911475 |
||
| 700 |
_aერქვანია,თამარ _eმთარგმნელი _911476 |
||
| 700 |
_aჯაფარაშვილი,ირაკლი _eმთარგმნელი _911477 |
||
| 856 |
_uhttp://lawlibrary.info/ge/books/GIZ_EULAW.pdf _yელექტრონული ვერსია |
||
| 942 |
_2udc _cBK |
||